1242 1743 1049 1930 1318 1346 1712 1259 1906 1417 1239 1428 1720 1719 1023 1160 1210 1848 1738 1403 1198 1740 1436 1835 1616 1833 1920 1470 1069 1940 1453 1358 1003 1924 1984 1798 1075 1091 1537 1854 1178 1007 1947 1737 1667 1108 1777 1783 1672 1521 1032 1837 1857 1620 1856 1546 1158 1131 1030 1120 1545 1817 1695 1101 1305 1021 1941 1446 1787 1190 1539 1676 1289 1803 1676 1016 1151 1542 1432 1213 1265 1074 1093 1003 1587 1523 1931 1823 1006 1540 1549 1904 1390 1547 1088 1559 1995 1560 1154 BCNSPRNW ULIB Ver.6.0+V

เปลี่ยนเป็นภาษาไทย

Change to English
 แสดงรายละเอียดบรรณานุกรม
  กลับหน้าหลัก

Brief Record : Get Marc (ISO 2709) : E-mail record : QR code < ปิดหน้าต่าง
LEADER : 00000nam 2200000uu 4500
001    13399113040
003     ULIB
008    110922s2543||||th 000 0 tha d
020    9746351222
050  4 P306^bว215ค 2543
100 0  วรนาถ วิมลเฉลา
245 10 คู่มือสอนแปล /^cวรนาถ วิมลเฉลา
250    พิมพ์ครั้งที่ 8
260    กรุงเทพฯ :^bสำนักพิมพ์จุฬาลงกรณ์มหาวิทยาลัย,^c2543
300    280 หน้า ;^c21 ซม.
650  4 การแปลและการตีความ^xการศึกษาและการสอน
945    ^p85^l0^i012515
995    ทศพร
999 ^a ทศพร
รายการนี้ยังไม่มีแท็ก
คุณยังไม่ได้ล็อกอิน คุณสามารถมีกิจกรรมร่วมกับเว็บไซต์ได้ แต่ต้องล็อกอินก่อน ::
  ล็อกอิน

รายการสื่อสารสนเทศ

ลำดับที่ ประเภท เลขเรียก/บาร์โค้ด สถานที่ สถานะ
- ไม่พบข้อมูล -

BibComment


ยังไม่เคยถูกคอมเมนท์

คอมเมนท์ทรัพยากรรายการนี้
  คอมเมนท์: คู่มือสอนแปล วรน..


 Copyright 2026. Bcnsprnw @Library